000 00502nam a2200169Ia 4500
999 _c19846
_d19846
003 OSt
005 20200618111451.0
008 190216s9999||||xx |||||||||||||| ||und||
040 _coclc
082 _a954
_bMAJ/A
100 _aMajumdar, R C
_93013
245 0 _aAn Advanced History Of India /
_cR C Majumdar ; H C Raychaudhuri ; K Datta
250 _a4th Ed.
260 _bMacmillan India Ltd,
_c1981.
_aMadras:
300 _a1149p
942 _cBK
_2ddc
_h954
_iMAJ/A
_k954
_mMAJ/A